00481 2200181 4500001002100000008004100021035002000062245008000082100001700162250000600179260003200185300001200217020002200229084001400251082000800265650001400273990001200287INLIS000000000001228 ind  a0010-0524000463 aSoal & Penyelesaian Olimpiade Matematika Tingkat ProvinsicAgita Phasa, S.T aPhasa, Agita a1 aJakarta :bPT. Kandelc2019 a223 hlm a978-602-6878-57-1 a510 AGI s a510 aNon Fiksi a0744944